| 000 | 00444nam a2200157Ia 4500 | ||
|---|---|---|---|
| 005 | 20250415091301.0 | ||
| 008 | 231217s9999 xx 000 0 und d | ||
| 020 | _a9789353062835 | ||
| 082 | _a658.4012 DAV;2 R1 | ||
| 100 | _aDavid, Fred R. David, Forest R. | ||
| 245 | 0 | _aStrategic management concepts : a competitive advantage approach | |
| 250 | _a16 th ed | ||
| 260 |
_c2018 _bPearson _aNoida |
||
| 300 | _axxviii, 435 | ||
| 942 | _cAA | ||
| 999 |
_c199865 _d199865 |
||